{"text_format":"3","workbook":"xlsx","n_sheets":1,"sheets":["基坑支护监测"],"not_rendered":{"defined_names":2},"read":"whole","date_system":"1900"}

{"sheet":"基坑支护监测","index":0,"n_rows":26,"n_cols":8,"rows_kept":26,"merged":[[0,0,0,7],[22,0,22,5],[23,0,23,7],[24,5,24,7],[25,5,25,7]]}
["西客站地区HJZ701-A04地块九年一贯制学校\n建设项目桩基检测工程"]
["序号","项目名称","检测根数","单位","工程量","单价（元）","小计（元）","备注"]
[1,"桩基低应变检测（841根）",841,"根",841,8,{"$f":"E3*F3","v":{"v":6728,"d":"6728.00"}},"检测比例100%（含3根试桩）"]
[2,"抗压静载（3根试桩）",3,"t",{"$f":"3*2300*2*1.2/9.8","v":{"v":1689.79591836735,"d":"1689.80"}},15,{"$f":"E4*F4","v":{"v":25346.9387755102,"d":"25346.94"}},"试桩全部检测"]
[3,"抗压静载（1#小学楼）（201根）",3,"t",{"$f":"3*2300*2*1.2/9.8","v":{"v":1689.79591836735,"d":"1689.80"}},15,{"v":25346.9387755102,"d":"25346.94"},"按检测规范要求：检测数量为总桩数的1%且不少于3根，50根以内不少于2根。"]
[4,"抗压静载（2#中学楼）（115根）",3,"t",{"$f":"3*2300*2*1.2/9.8","v":{"v":1689.79591836735,"d":"1689.80"}},15,{"v":25346.9387755102,"d":"25346.94"},"按检测规范要求：检测数量为总桩数的1%且不少于3根，50根以内不少于2根。"]
[5,"抗压静载（3#合班教室）（48根）",2,"t",{"$f":"2*2300*2*1.2/9.8","v":{"v":1126.5306122449,"d":"1126.53"}},15,{"v":16897.9591836735,"d":"16897.96"},"按检测规范要求：检测数量为总桩数的1%且不少于3根，50根以内不少于2根。"]
[6,"抗压静载（4#办公综合楼）（120根）",3,"t",{"$f":"3*2300*2*1.2/9.8","v":{"v":1689.79591836735,"d":"1689.80"}},15,{"v":25346.9387755102,"d":"25346.94"},"按检测规范要求：检测数量为总桩数的1%且不少于3根，50根以内不少于2根。"]
[7,"抗压静载（5#艺体楼）（56根）",3,"t",{"$f":"3*2300*2*1.2/9.8","v":{"v":1689.79591836735,"d":"1689.80"}},15,{"v":25346.9387755102,"d":"25346.94"},"按检测规范要求：检测数量为总桩数的1%且不少于3根，50根以内不少于2根。"]
[8,"抗压静载（6#食堂）（68根）",3,"t",{"$f":"3*2300*2*1.2/9.8","v":{"v":1689.79591836735,"d":"1689.80"}},15,{"v":25346.9387755102,"d":"25346.94"},"按检测规范要求：检测数量为总桩数的1%且不少于3根，50根以内不少于2根。"]
[9,"抗压静载（看台）（51根）",3,"t",{"$f":"3*2300*2*1.2/9.8","v":{"v":1689.79591836735,"d":"1689.80"}},15,{"v":25346.9387755102,"d":"25346.94"},"按检测规范要求：检测数量为总桩数的1%且不少于3根，50根以内不少于2根。"]
[10,"抗压静载（地下室）（179根）",3,"t",{"$f":"3*2300*2*1.2/9.8","v":{"v":1689.79591836735,"d":"1689.80"}},15,{"v":25346.9387755102,"d":"25346.94"},"按检测规范要求：检测数量为总桩数的1%且不少于3根，50根以内不少于2根。"]
[11,"抗拔静载检测（地下室）（179根）",3,"t",{"$f":"3*600*2*1.2/9.8","v":{"v":440.816326530612,"d":"440.82"}},15,{"v":6612.24489795918,"d":"6612.24"},"按检测规范要求：检测数量为总桩数的1%且不少于3根，50根以内不少于2根。"]
[12,"取芯（3根试桩）",3,"m",{"$f":"C14*(15+3*0.8)","v":52.2},90,{"v":4698,"d":"4698.00"},"试桩全部检测"]
[13,"取芯（1#小学楼）（201根）",21,"m",{"$f":"C15*(15+3*0.8)","v":365.4},90,{"v":32886,"d":"32886.00"},"按检测规范要求：检测数量为总桩数的10%，且不少于10根"]
[14,"取芯（2#中学楼）（115根）",12,"m",{"$f":"C16*(15+3*0.8)","v":208.8},90,{"v":18792,"d":"18792.00"},"按检测规范要求：检测数量为总桩数的10%，且不少于10根"]
[15,"取芯（3#合班教室）（48根）",10,"m",174,90,{"v":15660,"d":"15660.00"},"按检测规范要求：检测数量为总桩数的10%，且不少于10根"]
[16,"取芯（4#办公综合楼）（120根）",12,"m",208.8,90,{"v":18792,"d":"18792.00"},"按检测规范要求：检测数量为总桩数的10%，且不少于10根"]
[17,"取芯（5#艺体楼）（56根）",10,"m",174,90,{"v":15660,"d":"15660.00"},"按检测规范要求：检测数量为总桩数的10%，且不少于10根"]
[18,"取芯（6#食堂）（68根）",10,"m",174,90,{"v":15660,"d":"15660.00"},"按检测规范要求：检测数量为总桩数的10%，且不少于10根"]
[19,"取芯（看台）（51根）",10,"m",174,90,{"v":15660,"d":"15660.00"},"按检测规范要求：检测数量为总桩数的10%，且不少于10根"]
[20,"取芯（地下室）（179根）",18,"m",313.2,90,{"v":28188,"d":"28188.00"},"按检测规范要求：检测数量为总桩数的10%，且不少于10根"]
["合计",{"$nulls":5},{"$f":"SUM(G3:G22)","v":{"v":399009.714285714,"d":"399009.71"}},"含税"]
["备注：1、工程量按国家检测规范及检测报告的数量为准。\n      2、钻孔取芯结算按：实际施工有效桩长+3D（持力层）；\n      3、静载结算吨位为特征值×2×1.2÷9.8。\n      4、低应变按实际检测根数。"]
[{"$nulls":5},"南昌红润项目管理有限公司"]
[{"$nulls":5},"2021-09-09"]